000
00287 a2200145 4500
001
173413
020
_a
040
_c
Magnum
100
_a
Málus
240
1
0
_a
Risoleta, a borboleta
_l
por
245
1
0
_a
Risoleta, a borboleta
362
0
_a
1899
697
_a
I/ANIMAIS
942
_c
BK
999
_c
173413
_d
173413